000 00199nam a22000857a 4500
008 170624b xxu||||| |||| 00| 0 eng d
100 _93653
_aVelbar
245 _aKomm, Spiel mitmir
260 _bVelbar
_c1997
999 _c7053
_d7053